Colombia paso a paso : (Registro nro. 3413)

Detalles MARC
000 -CABECERA
Campo de control 01462cam a2200349 i 4500
005 - FECHA Y HORA DE LA ULTIMA TRANSACCION
Campo de control 20160130114107.0
008 - ELEMENTOS DE LONGITUD FIJA—INFORMACION GENERAL
Campo de control 970507s19991996ck ab rf 00110 spa d
015 ## - NATIONAL BIBLIOGRAPHY NUMBER
National bibliography number ck-1996-xxxx
020 ## - ISBN
ISBN 9580434239
040 ## - FUENTE DE CATALOGACIÓN
Agencia catalogadora original la
Agencia transcriptora la
Agencia Modificadora CO-BoIAVH
041 0# - IDIOMA
Código de idioma para texto/pista de sonido o título separado Español
-- Inglés
Código de idioma de la versión original y/o traducciones intermedias del texto Inglés
043 ## - GEOGRAPHIC AREA CODE
Geographic area code s-ck---
044 ## - PAÍS DE PUBLICACIÓN
País de publicación Colombia
082 04 - NUMERO DE CLASIFICACION DECIMAL DEWEY
Número de clasificación 918.6
Número del ítem J37c
100 1# - ASIENTO PRINCIPAL--NOMBRE PERSONAL
Nombre personal Jaramillo Panesso, Raúl
9 (RLIN) 41356
245 10 - MENCION DE TITULO
Título Colombia paso a paso :
Parte restante del título guía turística /
Mención de responsabilidad Raúl Jaramillo Panesso ; investigación Proyectos e Inversiones PIT ; coordinación e información de mapas María Cecilia Garcés ; mapas Carlos J. Ruíz ; traducción al inglés Ana Mallarino de Ospina, Michael Sparrow.
250 ## - MENCION DE EDICION
Mención de edición Tercera edición actualizada
Resto de la mención de edición María Cristina Lamus.
260 ## - PUBLICACION, DISTRIBUCION, ETC. (PIE DE IMPRENTA)
Lugar de publicación, distribución, etc. Bogotá :
Nombre del editor, distribuidor, etc. Grupo Editorial Norma,
Fecha de publicación, distribución, etc. 1999.
300 ## - DESCRIPCION FISICA
Extensión 285 páginas :
Otros detalles físicos ilustraciones y mapas ;
Dimensiones 22 cm.
546 ## - NOTA DE IDIOMA
Nota de idioma Texto en español e inglés.
650 14 - ASIENTO SECUNDARIO DE MATERIA - TERMINO TEMATICO
Término temático o nombre geográfico como elemento de entrada Turismo
Subdivisión geográfica Colombia
Subdivisión de forma Guías.
9 (RLIN) 55671
651 24 - ASIENTO SECUNDARIO DE MATERIA - NOMBRE GEOGRAFICO
Nombre geográfico Colombia
Subdivisión general Descripciones y viajes
Subdivisión de forma Guías.
9 (RLIN) 55672
651 26 - ASIENTO SECUNDARIO DE MATERIA - NOMBRE GEOGRAFICO
Nombre geográfico Colombia
Subdivisión general Vida social y costumbres
Subdivisión de forma Guías.
9 (RLIN) 55673
700 1# - ASIENTO SECUNDARIO - NOMBRE PERSONAL
Nombre personal Mallarino de Ospina, Ana,
Término de relación traductor.
9 (RLIN) 55674
700 1# - ASIENTO SECUNDARIO - NOMBRE PERSONAL
Nombre personal Sparrow, Michael,
Término de relación traductor.
9 (RLIN) 55675
700 1# - ASIENTO SECUNDARIO - NOMBRE PERSONAL
Nombre personal Lamus A., María Cristina,
Término de relación editora
9 (RLIN) 55676
700 1# - ASIENTO SECUNDARIO - NOMBRE PERSONAL
Nombre personal Garcés, María Cecilia
9 (RLIN) 55677
700 1# - ASIENTO SECUNDARIO - NOMBRE PERSONAL
Nombre personal Ruíz, Carlos J.
9 (RLIN) 55678
710 2# - ASIENTO SECUNDARIO - NOMBRE CORPORATIVO
Nombre corporativo o de jurisdicción como elemento de entrada Proyectos e Inversiones Turísticas
9 (RLIN) 55679
942 ## - ELEMENTOS ADICIONALES (KOHA)
Sistema de clasificación Dewey Decimal Classification
Tipo de ítem Libro
949 ## - LOCAL PROCESSING INFORMATION (OCLC)
a c
b c
Existencias
Withdrawn status Lost status Sistema de Clasificación Damaged status No para préstamo Colección Inventariado Ubicación Permanente Ubicación actual Fecha de adquisición Fuente de Valor Valor Total Checkouts Número topográfico Inventario / Código de Barras Date last seen Ejemplar Price effective from Tipo de material
    Dewey Decimal Classification     General Inventariado 2017 Bogotá Bogotá 30/05/2003 Biocomercio 39000.00   LB-918.6 J37c 005410 04/12/2012 Ej. 1 04/12/2012 Libro